| 000 | 00893nam a2200241 i 4500 | ||
|---|---|---|---|
| 001 | 115464 | ||
| 003 | ES-MaACL | ||
| 005 | 20251112170948.0 | ||
| 007 | t| | ||
| 008 | 070309s1929 sp ||||1| spa d | ||
| 080 | _a821.134.2-293.21"19" | ||
| 100 | 1 |
_aTorres del Álamo, Ángel. _9110942 |
|
| 245 | 1 | 3 |
_aLa pícara molinera _b: zarzuela en tres actos, el segundo dividido en dos cuadros, inspirada en una novela asturiana / _cTorres del Alamo y Asenjo ; música del Maestro Luna. |
| 260 |
_aMadrid : _bPrensa Moderna, _c1929. |
||
| 300 |
_a65 p. ; _c17 cm. |
||
| 490 | 1 |
_aEl Teatro moderno ; _v179 |
|
| 500 | _aEstrenada en el Teatro Apolo, de Madrid, el 29 de diciembre de 1928. | ||
| 700 | 1 |
_aAsenjo, Antonio. _923559 |
|
| 700 | 0 |
_aLuna, _c(músico) _974773 |
|
| 830 | 0 | 3 |
_aEl teatro moderno (Prensa Moderna) _v179 _9182365 |
| 852 |
_aES-MaACL _jC-13067 |
||
| 999 |
_c115464 _d115464 |
||